| 000 -LEADER |
| fixed length control field |
00607nam a2200181Ia 4500 |
| 001 - CONTROL NUMBER |
| control field |
14767 |
| 003 - CONTROL NUMBER IDENTIFIER |
| control field |
GE_BSU |
| 008 - FIXED-LENGTH DATA ELEMENTS--GENERAL INFORMATION |
| fixed length control field |
181216s||||||||xx |||||||||||||| ||und|| |
| 040 ## - CATALOGING SOURCE |
| Transcribing agency |
GE_BSU |
| 245 ## - TITLE STATEMENT |
| Title |
Справочник по телевизионной технике. Т.1. |
| 245 ## - TITLE STATEMENT |
| Statement of responsibility, etc. |
Под общей ред. С.И.Катаева; Ред.В.И.Шамшур и В.В.Енютин. |
| 250 ## - EDITION STATEMENT |
| Edition statement |
Перевод с англиского с дополнен. |
| 260 ## - PUBLICATION, DISTRIBUTION, ETC. |
| Place of publication, distribution, etc. |
М.-Л. |
| 260 ## - PUBLICATION, DISTRIBUTION, ETC. |
| Name of publisher, distributor, etc. |
Госэнергоиздат. |
| 260 ## - PUBLICATION, DISTRIBUTION, ETC. |
| Date of publication, distribution, etc. |
1962. |
| 300 ## - PHYSICAL DESCRIPTION |
| Extent |
616 стр. 27 см. с илл. |
| 942 ## - ADDED ENTRY ELEMENTS (KOHA) |
| Koha item type |
წიგნი |